|
|
|
|
| LEADER |
00000nam a2200000 a 4500 |
| 001 |
vtls010102204 |
| 003 |
SK-MaSNL |
| 005 |
20260426005320.0 |
| 008 |
180731s2009 xo o g c 000 0dslo |
| 015 |
|
|
|a SNBE2013
|
| 020 |
|
|
|a 9788096928569
|q (brož.)
|
| 040 |
|
|
|a SNK
|b slo
|c SNK
|e AACR2
|
| 041 |
|
|
|a slo
|a eng
|
| 043 |
|
|
|a e-xo---
|
| 044 |
|
|
|a xo
|c SK
|
| 072 |
|
7 |
|a 74
|x Kresba. Umelecké remeslá
|2 konspekt
|
| 080 |
|
|
|a 72/76.092
|2 2001
|
| 080 |
|
|
|a 748
|2 2001
|
| 080 |
|
|
|a 7.036/.038
|2 2001
|
| 080 |
|
|
|a (437.6)
|2 2001
|
| 080 |
|
|
|a (083.82)
|2 2001
|
| 080 |
|
|
|a (079)371.27
|2 2001
|
| 111 |
2 |
|
|a Cena galérie NOVA: Sklo
|n (2. :
|d 2009 :
|c Bratislava, Slovensko)
|9 651433
|
| 245 |
1 |
0 |
|a Cena Galérie NOVA Sklo 2009
|c [zostavovateľ katalógu: Katarína Beňová ; preklad: Katarína Beňová ; fotografie: Jana Hojstričová ... [et al.]]
|
| 246 |
1 |
1 |
|a Gallery NOVA award glass 2009
|
| 250 |
|
|
|a [1. vyd.]
|
| 260 |
|
|
|a Bratislava
|b Galéria Nova
|c 2009
|
| 300 |
|
|
|a [56] s.
|b fotogr.
|c 21 x 30 cm
|
| 366 |
|
|
|e 300 výt.
|
| 500 |
|
|
|a Výstava finalistov Via Galéria, Bratislava, 16. apríl-16. máj 2009
|
| 500 |
|
|
|a Čiast. text angl.
|
| 650 |
0 |
7 |
|a výtvarné súťaže
|2 SNKPH
|9 2910
|
| 650 |
0 |
7 |
|a umelecké sklárstvo
|2 SNKPH
|9 99545
|
| 650 |
0 |
7 |
|a umelecké sklo
|2 SNKPH
|9 3106
|
| 650 |
0 |
7 |
|a moderné umenie
|2 SNKPH
|9 68456
|
| 650 |
0 |
7 |
|a Cena Galérie NOVA
|2 SNKPH
|9 651434
|
| 650 |
0 |
7 |
|a Art competitions
|2 SNKPHeng
|9 291754
|
| 650 |
0 |
7 |
|a Art glass manufacture
|2 SNKPHeng
|9 330718
|
| 650 |
0 |
7 |
|a Art glass
|2 SNKPHeng
|9 329716
|
| 650 |
0 |
7 |
|a Modern art
|2 SNKPHeng
|9 294689
|
| 650 |
0 |
7 |
|a Price NOVA Gallery
|2 SNKPHeng
|9 651435
|
| 651 |
|
7 |
|a Bratislava (Slovensko)
|2 SNKPH
|9 14568
|
| 651 |
|
7 |
|a Bratislava (Slovakia)
|2 SNKPHeng
|9 171234
|
| 655 |
|
7 |
|a katalógy
|2 SNKPH
|9 60821
|
| 655 |
|
7 |
|a súťažné práce
|2 SNKPH
|9 119561
|
| 655 |
|
7 |
|a Catalogs
|2 SNKPHeng
|9 266059
|
| 655 |
|
7 |
|a Competition essays
|2 SNKPHeng
|9 327415
|
| 700 |
1 |
|
|a Beňová, Katarína,
|d 1977-
|4 com
|4 trl
|9 236940
|
| 700 |
1 |
|
|a Hojstričová, Jana,
|d 1972-
|4 pht
|9 212786
|
| 710 |
2 |
|
|a Via Galéria (Bratislava, Slovensko)
|9 651436
|
| 919 |
|
|
|a 978-80-969285-6-9
|
| 958 |
|
|
|a OP
|
| 999 |
|
|
|c 1005331
|d 1007261
|
| 952 |
|
|
|a SNK
|b SNK
|y PREZ
|7 0
|p 17A0660891
|o snkOSC 25116
|i snk2010/11966
|8 0
|0 0
|1 0
|4 0
|d 2010-06-02
|l 0
|r 2026-02-24 12:33:33
|w 2026-02-24
|
| 952 |
|
|
|a SNK
|b SNK
|y VYP
|7 0
|p 17A0675448
|o snkOSC 25116 D1
|i snk2010/22258
|8 0
|z + 1 MPL
|0 0
|1 0
|4 0
|d 2010-10-13
|l 0
|r 2026-02-24 12:33:33
|w 2026-02-24
|